000 00464nam a22001457a 4500
005 20180727112510.0
020 _a8176481505
_c00.00
035 _aA-991569, A-991568
037 _aDPL
_bENG
100 _aVadackumchery, James
245 _aHuman rights friendly police :
_bA myth or reality ? /
_cby James Vadackumchery
260 _aNew Delhi
_bA P H Publishing Corporation
_c2000
300 _axv, 190p.
_c20 cms.
942 _2ddc
_cEN
_h323.49
_mVAD
999 _c65966
_d65966